000 00406nam a22001697a 4500
003 CEME
005 20210628205340.0
008 210311b xxu||||| |||| 00| 0 eng d
020 _a0-87891-548-6
040 _c.
082 _a658.4034 FOG'O
100 _aFogiel, M.Dr
_96312
245 _aThe operation research problem solver
260 _aNEW YORK
_bREA
_c1987
300 _a1076P
942 _cBK
_2ddc
999 _c580562
_d580562